Pays où l'on consomme le plus d'alcool - Statistiques

Statistiques générales
  • Ce quiz a été pris 1 191 fois
  • Le résultat moyen est 4 sur 10
Statistiques - réponses
Litres par habitant (par an) Pays % Correct
15,8 Russie
98%
15,6 Ukraine
53%
15,3 Roumanie
44%
15,1 Biélorussie
43%
16,3 Hongrie
37%
15,6 Estonie
35%
18,2 Moldavie
31%
15,2 Slovénie
29%
16,4 République Tchèque
25%
15,5 Andorre
6%
Aucun quiz correspondant
Distribution des résultats
% des personnes avec chaque résultat
Percentile par nombre de réponses
Votre historique - résultats
Vous n’avez pas pris ce quiz